000 00756nas a2200241 4500
001 BR9209410
003 BR-BrBNA
005 20231205093253.0
007 ta
008 230509b bl.|||p| |||| 00| 00por d
040 _aBR-BrBNA
_bpor
_cBiblioteca Nacional de Agricultura
041 _a(Pt)
072 _aQ02
100 1 _aPiske, D.
245 1 _aAproveitamento de sangue de abate para alimentacao humana 1. uma revisao
650 _aSANGUE
650 _aPRESERVACAO DE ALIMENTO
650 _aNUTRICAO HUMANA
650 _aALIMENTO ANIMAL
773 0 _tBoletim do Instituto de Tecnologia de Alimentos (Brazil)
_xISSN 0366-0281
_g(Jul-Sep 1982), v. 19(3) p. 253-308
_wBR9209410
909 _a202311
_bLúcia
_c55
_dLúcia Elande
942 _2AGRIS
_n0
_cANA
999 _c137202
_d137202